00332nam a22001217a 450000500170000002000230001703500230004003700130006310000260007624500650010226000240016730000190019120180730162301.0 a8175411651c480.00 aB-164413, b-164414 aDPLbENG aAssheha, Abdur Rahman aIslamic concepts of human rights /cby Abdur Rahman Assheha  aDelhibShiprac2004 a149p.c20 cms.